01648pab a2200169 454500008004000000100001900040245010500059260000900164300001400173362000800187520110300195650002001298773002901318909001001347999001701357952010401374180718b2002 xxu||||| |||| 00| 0 eng d aArksey, Hilary aRationed care: assessing the support needs of informal carers in English social services authorities c2002 ap.81-101. aJan aThe passing of the Carers (Recognition and Services Act) 1995 was a step forward in trying to ensure that people who provide informal care to disabled, sick or elderly relatives or friends are properly recognised and properly supported. The Carers Act gave informal carers the right to an assessment of their own needs, and this article is based on study into the impact of the legislation in four local authority social services departments. It is argued tht the vision of supporters of the Carers Act, namely to achieve real benefits for many carers, has yet to be realised. The analysis draws on Klein et al.'s (1996) framework of service rationing strategies to demonstrate that decisions about priority setting and different forms of rationing of social care took place at three different levels: national government, local authority and fron-line practitioner. Evidence is presented to show that some carers chose to impose rationing on themselves by reducing their demands. The article concludes with comments on the implications of rationing decisions for policy and practice. - Reproduced. aHealth services aJournal of Social Policy a52999 c52999d52999 00104070aIIPAbIIPAd2018-07-19hVolume no: 31, Issue no: 1pAR53433r2018-07-19w2018-07-19yAR